Stupid Winter Jokes Quiz Stats

 Plays Quiz Updated Jan 17, 2017

Support Sporcle.
Go Orange.
Score 0/18 Timer 06:00
2 Plays Today
% Correct
No eye deer.
94.6%
A slopepoke.
94.5%
He thought his wife was a flake.
94.4%
Cocoa Nuts.
94.1%
A cookie sheet.
93.5%
Casp-burr.
93.2%
They wear snowcaps.
92.3%
The dive-In.
92.3%
Don't go around BRRfooted.
92.3%
% Correct
By icicle.
91.2%
Want to go for a spin?
91%
To go with the floe.
90.9%
The letter 'D'.
90.4%
A snowy house without a loo.
90.3%
Frostbite.
90.2%
Because pepper water makes them sneeze.
90.1%
Icebergers.
87.4%
When the cold wind makes them water.
84.4%

You're not logged in!

Compare scores with friends on all Sporcle quizzes.
OR
Log In
Forgot?

From the Vault

History Hunt: France

by hjckr

Luckily history isn't too hard to find since it already happened.
Remove Ads.
Support Sporcle.
Get the best of Sporcle when you Go Orange. This ad-free experience offers more features, more stats, and more fun while also helping to support Sporcle. Thank you for becoming a member.

Show Comments

Extras

Top Quizzes Today


Score Distribution

Your Account Isn't Verified!

In order to create a playlist on Sporcle, you need to verify the email address you used during registration. Go to your Sporcle Settings to finish the process.

Report this User

Report this user for behavior that violates our Community Guidelines.

Details: